000 01129nam a2200337 i 4500
001 25551
003 KOSZ 005
005 20200624113907.0
008 070810s1970 pl a f 000 0 pol
015 _aPB 1970/9497
040 _aWA N
_cWA N
_dKOSZ 005/RW
080 _a631.5
080 _a631.3
100 1 _aBernacki, Henryk.
_eAutor
245 1 0 _aNowa technika uprawy roli /
_cHenryk Bernacki.
250 _aWydanie 2.
260 _aWarszawa :
_bPaństwowe Wydawnictwo Rolnicze i Leśne,
_c1970.
300 _a159, [1] stron :
_bilustracje ;
_c23 cm.
336 _aTekst
_btxt
_2rdacontent
337 _aBez urządzenia pośredniczącego
_bn
_2rdamedia
338 _aWolumin
_bnc
_2rdacarrier
380 _aKsiążki
388 _a1901-2000
504 _aBibliografia na stronach 159-[160].
658 _aRolnictwo i leśnictwo
658 _aInżynieria i technika
650 4 _aAgrotechnika
710 2 _aPaństwowe Wydawnictwo Rolnicze i Leśne
_4pbl.
856 _uhttp://koha.tu.koszalin.pl/cgi-bin/koha/opac-detail.pl?biblionumber=25551
_yKatalog online BPK
942 _2UKD
_cKS
999 _c25551
_d25551